| 000 | 00846nam a2200313Ia 4500 | ||
|---|---|---|---|
| 008 | 170203s9999 xx 000 0 und d | ||
| 050 | _aFic | ||
| 050 | _bD479h | ||
| 100 | _aDevlin, Wende. | ||
| 245 | _aHow Fletcher was hatched! / | ||
| 245 | _cby Wende and Harry Devlin. | ||
| 260 | _aNew York : | ||
| 260 | _bParents' Magazine Press, | ||
| 260 | _c©1969. | ||
| 300 | _a[39] pages : | ||
| 300 | _bcolor illustrations ; | ||
| 300 | _c26 cm | ||
| 500 | _a"Illustration signed by Harry Devlin"--Page [38]. | ||
| 650 | _aAnimals -- | ||
| 650 | _aDogs -- | ||
| 650 | _aFriendship -- | ||
| 650 | _aHuman-animal relationships -- | ||
| 650 | _aWit and humor, | ||
| 650 | _xJuvenile fiction. | ||
| 650 | _xJuvenile fiction. | ||
| 650 | _xJuvenile fiction. | ||
| 650 | _xJuvenile fiction. | ||
| 650 | _xJuvenile. | ||
| 999 |
_c306335 _d306335 |
||